Štruktúra a význam predmetu Etika účtovníka a audítora

Potreba dodržiavania etických princípov v práci účtovného odborníka a audítora. Dôležitosť etiky pri príprave a vzdelávaní budúcich účtovných odborníkov a audítorov.

Salvato in:
Dettagli Bibliografici
Autore principale: Meluchová, Jitka, 1965-
Altri autori: Mateášová, Martina, 1979-
Natura: Capitolo di libro
Lingua:slovacco
Soggetti:
Tags: Aggiungi Tag
Nessun Tag, puoi essere il primo ad aggiungerne!!

MARC

LEADER 00000naa$a2200000$$$4500
001 0249741
005 20240502083711.7
041 0 |a slo 
044 |a CZ 
245 1 0 |a Štruktúra a význam predmetu Etika účtovníka a audítora  |c Jitka Meluchová, Martina Mateášová 
520 |a Potreba dodržiavania etických princípov v práci účtovného odborníka a audítora. Dôležitosť etiky pri príprave a vzdelávaní budúcich účtovných odborníkov a audítorov. 
610 2 0 |a účtovníci 
610 2 0 |a audítori 
610 2 0 |a predmety učebné 
610 2 0 |a etika 
610 2 0 |a vzdelávanie vysokoškolské 
100 1 |a Meluchová, Jitka, 1965- 
700 1 |a Mateášová, Martina, 1979-